000 00425pab a2200145 454500
008 180718b1983 xxu||||| |||| 00| 0 eng d
100 _aCrotty, William J.
245 _aPolitical parties, elections and public policy
_bA selective annotated bibliography
260 _c1983
300 _a546-51
362 _aMar.
650 _aPolitical Parties - Bibliography - U.S.A.
773 _aPolicy Studies Journal
909 _a15292
999 _c15292
_d15292